000 00989nam a2200349 a 4500
003 AR-BaBNM
005 20251128203326.0
008 082120s2002 ||||||||||||||000 | spa||
020 _a84-7100-377-5
040 _cAR-BaBNM
100 1 _aRubert, Arlindo
245 0 0 _aHistoria de la iglesia en Brasil
250 _a1ª ed.
260 _aMadrid
_bMapfre
_c1992
300 _a410 p.
_bmapas
490 0 _aIglesia católica en el nuevo mundo
_vv. 7
500 _aApéndices para consultar p. 379-390.
650 4 _aMISIONES RELIGIOSAS
650 4 _aMISIONES FRANCISCANAS
650 4 _aHISTORIA DE LAS RELIGIONES
650 4 _aMISIONES JESUITICAS
650 4 _aABORIGENES
650 4 _aIGLESIA
650 4 _aHISTORIA SOCIAL
650 4 _aHISTORIA DE LAS COSTUMBRES
651 4 _aBrasil
700 1 _aMoreno Ruiz, José Luis
_etraductor
800 1 _aGallego, José Andrés
_ecoordinador
800 1 _aHera, Alberto de la
_edirector
942 _cBK
998 _cmariana
999 _c2907
_d2907